Coupe du Monde 1986 - Un Joueur par équipe - Statistiques

Statistiques générales
  • Ce quiz a été pris 107 fois
  • Le résultat moyen est 17 sur 24
Statistiques - réponses
Hint Réponse % Correct
Alessandro Altobelli Italie
96%
Rudi Völler Allemagne de l'Ouest
93%
Gary Lineker Angleterre
89%
Cha Bum-kun Corée du Sud
87%
Hugo Sánchez Mexique
86%
Włodzimierz Smolarek Pologne
86%
Preben Elkjær Larsen Danemark
84%
Rinat Dasaev URSS
80%
Emilio Butragueño Espagne
79%
Lakhdar Belloumi Algérie
76%
Hussein Saeed Irak
75%
Careca Brésil
66%
Kostadin Kostadinov Bulgarie
66%
Jorge Burruchaga Argentine
64%
Mustafa El Haddaoui Maroc
63%
Jean-Marie Pfaff Belgique
62%
Fernando Gomes Portugal
62%
Yannick Stopyra France
61%
Enzo Francescoli Uruguay
58%
Roberto Cabañas Paraguay
55%
Lajos Détári Hongrie
50%
Norman Whiteside Irlande du Nord
47%
Steve Nicol Ecosse
45%
Randy Samuel Canada
42%
Aucun quiz correspondant
Distribution des résultats
% des personnes avec chaque résultat
Percentile par nombre de réponses
Votre historique - résultats
Vous n’avez pas pris ce quiz